000
00228 a2200097 4500
001
2874
100
_a
Reeves, J
245
_a
English fables and fairy stories
260
_a
london
_b
Oxford Univ press
_c
1956
090
_c
2167
_d
2167
942
_a
NUST-CAE
_c
M
_c
12969
999
_c
237947
_d
237947